Tři příspěvky k počátkům města Kravař

Titel: Tři příspěvky k počátkům města Kravař
Verfasser:
In: Bezděz, Band 3 (1995), Seite 7-24
alle Artikel anzeigen
Veröffentlicht: 1995
Format: Aufsatz
Sprache: Tschechisch
Kein Bild verfügbar
X
alg: 39296867
001A    $01999:11-11-16 
001B    $01999:12-03-21 $t19:07:40.000 
001C    $06050:19-11-16 $t22:31:01.000 
001D    $01999:11-11-16 
001U    $0utf8 
001X    $00 
002@    $0Aox 
003@    $0392968673 
007A    $0392968673 $aHEB 
007T    $0Herdp01667 
010@    $acze 
011@    $a1995 
021A    $aTři příspěvky k počátkům města Kravař 
028A    $aSovadina $dMiloslav 
031A    $d3 $h7-24 $j1995 
037A    $aněm. res.: Drei Beiträge zur Geschichte der Stadt Kravaře (früher auch Graber genannt) 
039B    $aIn $8--Abvc--. Bezděz. - Česká Lípa, 1990-. - ISSN 1211-9172 $x199500000030000993 $905908720X 
045F    $a900.943710902 $eDDC23BSB 
045F/01 $a900 
045F/03 $f0902 
045F/03 $g4371 
045T    $a7,41 

lok: 39296867 78

exp: 39296867 78 1 #EPN
201B/01 $026-11-17 $t01:18:22.000 
201U/01 $0utf8 
203@/01 $0789078988 
208@/01 $a11-11-16 $be 
209A/01 $a/ $f000 $x00 
220C/01 $aHerkunft: Hú Av Čr Praha 
244Z/01 $#Tschechien $#Tschechische Republik $#Tschechische Republik $#Tschechenland $#Tschechei Tschechien $#Česká Republika $#Czech Republic $#ČR $74303381-7 $8--Tg1--Tschechien $x01 $9086659812 
244Z/01 $2Trx $#Böhmen $#Bohemia $#Czechy $8--Trx--Čechy $x02 $9391188941 
244Z/01 $2Trx $#Graber Böhmisch Leipa $8--Trx--Kravaře$gČeská Lípa $x03 $9391333534 
244Z/01 $aGeschichte 1175-1279 $x04 
244Z/01 $2Trx $#asundusajalugu $#kolonizacija $#history of settlements $#településtörténet $#osadnictwo $#dejiny osídlenia $#dějiny osídlení $#osídlenie $#osídlení $8--Trx--Siedlungsgeschichte $x05 $9391357131 
244Z/01 $2Trx $#ülevaated kohad $#vietovės bendras $#overview cities $#ábrázolások, átfogó helyek $#miejscowości poszczególne $#dejiny miestne $#dějiny místní $#Ortsgeschichte $#Städte $#Orte $#miasta $#miestne dejiny $8--Trx--Darstellungen, übergreifende$gOrte $x06 $9391384228 
244Z/01 $2Trx $8--Trx--Zeitschriftenaufsatz $x07 $9391384341 
245Z/01 $a13.03 $x01 
245Z/01 $a03.02 $x02 
247C/01 $82080>Marburg/Lahn, Herder-Institut, Forschungsbibliothek, Bibliographieportal $9336309341
LEADER 00000caa a22000002c 4500
001 392968673
003 DE-603
005 20210312190740.0
007 tu
008 161111s1995 xx |||| | u00||u|cze c
035 |a (DE-599)HEB392968673 
040 |a DE-603  |b ger  |c DE-603  |d DE-603 
041 |a cze 
082 0 4 |8 1\u  |a 900.943710902  |q DE-101  |2 23/BSB 
084 |a 7,41  |2 ssgn 
085 |8 1\u  |b 900 
085 |8 1\u  |z 1  |s 0902 
085 |8 1\u  |z 2  |s 4371 
100 1 |a Sovadina, Miloslav 
245 0 0 |a Tři příspěvky k počátkům města Kravař 
264 0 |c 1995 
500 |a něm. res.: Drei Beiträge zur Geschichte der Stadt Kravaře (früher auch Graber genannt) 
773 0 8 |i In  |t Bezděz  |d Česká Lípa, 1990-  |x 1211-9172  |g Band 3 (1995), Seite 7-24  |w (DE-603)05908720X  |w (DE-600)1136222-4 
924 0 |9 2080  |a (DE-603)789078988  |b DE-2080  |c HES  |d d  |g /